Az import logisztika újraszervezése

Bibliográfiai részletek
Szerző: Cseh Nikolett Csilla
További közreműködők: Udvaros Dr. József
Barva Gábor
Dokumentumtípus: Záródolgozat
Kulcsszavak:Lean
SharePoint
Automatizáció
Online Access:http://dolgozattar.uni-bge.hu/22513

MARC

LEADER 00000nta a2200000 i 4500
001 dolg22513
005 20190516163717.0
008 190516suuuu hu o 000 hun d
040 |a BGE Dolgozattár Repozitórium  |b hun 
041 |a hu 
100 1 |a Cseh Nikolett Csilla 
245 1 3 |a Az import logisztika újraszervezése  |c Cseh Nikolett Csilla  |h [elektronikus dokumentum] 
516 |a Final_paper 
695 |a Lean 
695 |a SharePoint 
695 |a Automatizáció 
700 1 |a Udvaros Dr. József  |e ths 
700 1 |a Barva Gábor  |e ths 
856 4 0 |u http://dolgozattar.uni-bge.hu/22513/1/Cseh_Nikolett_Szakdolgozat_2019.pdf  |z Dokumentum-elérés